000 00506nam a22001697a 4500
003 OSt
005 20120302144701.0
008 090331t xxu||||| |||| 00| 0 eng d
035 _a२०६६
040 _cमराठी
100 _aआपटे , गुरुजी
_92773
245 _aलोकमान्य टिळक
250 _a५ वी
260 _aमुंबई
_bके . भि. ढवळे
_c१९७०
300 _b१५ + १२४ पाने
942 _2ddc
_cBOOK
999 _c487929
_d487926